000 00525nam a2200193Ia 4500
003 GCL
008 140319s9999 xx 000 0 aRus d
040 _aGCL /
_cGCL
082 0 4 _a861
_bL P
100 1 _aLORCA, FEDERICO GARCIA
245 1 0 _aPOEMA DEL CANTE JONDO: ROMANCERO GITANO /
_cLORCA, FEDERICO GARCIA
260 _a[S.N] :
_bCATEDRA LETRAS HISPANICAS ،
_c1995
300 _a315
650 0 4 _aSPANISH POEMS
650 0 4 _aPOETRY
650 0 4 _aSPANISH LITERATURE
650 0 4 _aSPANISH POETRY
942 _2ddc
_cBK
999 _c12893
_d12893